[Event "BCF-ch rapidplay 34th"]
[Site "Bingley"]
[Date "2023.04.16"]
[Round "11"]
[White "Kisteneva, Liza"]
[Black "Watson, Philip R"]
[Result "0-1"]
[WhiteElo "2065"]
[BlackElo "2104"]
[PlyCount "88"]
[EventDate "2023.04.15"]
[EventType "swiss (rapid)"]
[EventRounds "11"]
[EventCountry "ENG"]
[SourceTitle "CBM 213 Extra"]
[Source "ChessBase"]
[SourceDate "2023.05.31"]
[SourceVersion "1"]
[SourceVersionDate "2023.05.31"]
[SourceQuality "1"]

1. e4 c6 2. Nc3 d5 3. Nf3 Bg4 4. h3 Bxf3 5. Qxf3 e6 6. exd5 cxd5 7. d4 Nc6 8. Be3 Nf6 9. Bd3 Qb6 10. 0-0 Be7 11. a3 0-0 12. b4 Rac8 13. Na4 Qc7 14. Nc5 b6 15. Nb3 e5 16. Bf5 Rcd8 17. b5 exd4 18. Bf4 Ne5 19. Bxe5 Qxe5 20. Rfe1 Ne4 21. Bxe4 dxe4 22. Rxe4 Qf6 23. Rf4 Qe5 24. Re4 Qf6 25. Qe2 Rd7 26. a4 Bb4 27. Rd1 Bc3 28. Rd3 g6 29. Re8 Qd6 30. Re4 Kg7 31. h4 h5 32. Nxd4 Qc7 33. Nc6 Bf6 34. g3 a6 35. Qd2 Rxd3 36. cxd3 axb5 37. axb5 Ra8 38. d4 Qd7 39. d5 Qh3 40. Re1 Bxh4 41. gxh4 Ra4 42. f4 Qg3+ 43. Kh1 Rxf4 44. Qb2+ Kh7 0-1

[Event "BCF-ch rapidplay 34th"]
[Site "Bingley"]
[Date "2023.04.16"]
[Round "8"]
[White "Watson, Philip R"]
[Black "Cuaresma, Gerald"]
[Result "1-0"]
[WhiteElo "2104"]
[BlackElo "1765"]
[PlyCount "81"]
[EventDate "2023.04.15"]
[EventType "swiss (rapid)"]
[EventRounds "11"]
[EventCountry "ENG"]
[SourceTitle "CBM 213 Extra"]
[Source "ChessBase"]
[SourceDate "2023.05.31"]
[SourceVersion "1"]
[SourceVersionDate "2023.05.31"]
[SourceQuality "1"]

1. d4 Nf6 2. c4 c5 3. d5 e5 4. Nc3 d6 5. e4 Be7 6. Nf3 Nbd7 7. Bd3 0-0 8. 0-0 Ne8 9. a4 Kh8 10. Rb1 g6 11. Bh6 Ng7 12. Qd2 Nf6 13. h3 Ng8 14. b4 cxb4 15. Rxb4 Nxh6 16. Qxh6 f5 17. h4 f4 18. Rfb1 Rb8 19. Nb5 a5 20. R4b3 Ra8 21. Nxd6 Qxd6 22. Rxb7 Bxb7 23. Rxb7 Nh5 24. Ng5 Nf6 25. Ne6 Rf7 26. c5 Qb8 27. Rxb8+ Rxb8 28. Ng5 Ng4 29. Nxf7+ Kg8 30. d6 Nxh6 31. Nxh6+ Kg7 32. dxe7 Re8 33. Ng4 Rxe7 34. c6 h5 35. Nh2 Kf6 36. Nf3 Rc7 37. Bb5 Ke6 38. Kf1 Kd6 39. Ke2 Re7 40. Kd3 Kc5 41. Kc3 1-0

[Event "BCF-ch rapidplay 34th"]
[Site "Bingley"]
[Date "2023.04.15"]
[Round "5"]
[White "Sivanandan, Bodhana"]
[Black "Watson, Philip R"]
[Result "1-0"]
[WhiteElo "1746"]
[BlackElo "2104"]
[PlyCount "45"]
[EventDate "2023.04.15"]
[EventType "swiss (rapid)"]
[EventRounds "11"]
[EventCountry "ENG"]
[SourceTitle "CBM 213 Extra"]
[Source "ChessBase"]
[SourceDate "2023.05.31"]
[SourceVersion "1"]
[SourceVersionDate "2023.05.31"]
[SourceQuality "1"]

1. e4 c6 2. Nc3 d5 3. Nf3 Bg4 4. h3 Bxf3 5. Qxf3 d4 6. Ne2 e5 7. Ng3 Nd7 8. Bc4 Ngf6 9. c3 b5 10. Bb3 Nc5 11. 0-0 a5 12. cxd4 Nxb3 13. Qxb3 Qxd4 14. d3 Rd8 15. Rd1 g6 16. Be3 Qd7 17. d4 Qc7 18. dxe5 Rxd1+ 19. Rxd1 Qxe5 20. Bd4 Qe7 21. Qc3 Bg7 22. Qxc6+ Kf8 23. Bc5 1-0

[Event "BCF-ch rapidplay 34th"]
[Site "Bingley"]
[Date "2023.04.15"]
[Round "4"]
[White "Watson, Philip R"]
[Black "Bak, Andrew"]
[Result "1-0"]
[WhiteElo "2104"]
[BlackElo "1938"]
[PlyCount "129"]
[EventDate "2023.04.15"]
[EventType "swiss (rapid)"]
[EventRounds "11"]
[EventCountry "ENG"]
[SourceTitle "CBM 213 Extra"]
[Source "ChessBase"]
[SourceDate "2023.05.31"]
[SourceVersion "1"]
[SourceVersionDate "2023.05.31"]
[SourceQuality "1"]

1. d4 Nf6 2. c4 g6 3. Nc3 Bg7 4. e4 d6 5. f3 0-0 6. Bg5 c5 7. d5 Qa5 8. Qd2 a6 9. Nge2 b5 10. Nc1 b4 11. Nd1 Qc7 12. Ne3 h6 13. Bh4 Kh7 14. Be2 Nbd7 15. Nd3 a5 16. 0-0 a4 17. Rac1 Ne5 18. Nxe5 dxe5 19. Rfd1 Ne8 20. Bd3 Nd6 21. Bg3 g5 22. h4 Bf6 23. hxg5 hxg5 24. Nf5 Kg6 25. Qc2 Bd7 26. Kf2 Rh8 27. Rh1 Rag8 28. b3 a3 29. Qb1 Qc8 30. Bxe5 Nxf5 31. exf5+ Bxf5 32. Bxf5+ Qxf5 33. Bxf6 Qxb1 34. Rxb1 Kxf6 35. Rhe1 Rd8 36. Re2 e6 37. dxe6 fxe6 38. Rbe1 Rhe8 39. Kg3 Rd4 40. Re5 Rd2 41. R1e2 Rxe2 42. Rxe2 Rd8 43. Kf2 e5 44. g4 Rd3 45. Re3 Rd2+ 46. Re2 Rb2 47. Ke3 Ke6 48. Kd3 Kf6 49. Rxb2 axb2 50. Kc2 e4 51. fxe4 Ke5 52. Kxb2 Kf4 53. e5 Kxe5 54. a4 bxa3+ 55. Kxa3 Kf4 56. b4 cxb4+ 57. Kxb4 Kxg4 58. c5 Kf3 59. c6 g4 60. c7 g3 61. c8Q g2 62. Qf5+ Ke2 63. Qg4+ Kf1 64. Qf3+ Kg1 65. Kc3 1-0

[Event "ENG County-ch Final"]
[Site "Darlington"]
[Date "2022.07.02"]
[Round "1.10"]
[White "Forster, Matthew"]
[Black "Watson, Philip R"]
[Result "0-1"]
[WhiteElo "2067"]
[BlackElo "2095"]
[PlyCount "158"]
[EventDate "2022.07.02"]
[EventType "team-match"]
[EventRounds "1"]
[EventCountry "ENG"]
[SourceTitle "CBM 209 Extra"]
[Source "ChessBase"]
[SourceDate "2022.09.30"]
[SourceVersion "1"]
[SourceVersionDate "2022.09.30"]
[SourceQuality "1"]
[WhiteTeam "Northumberland"]
[BlackTeam "Yorkshire"]
[WhiteTeamCountry "ENG"]
[BlackTeamCountry "ENG"]

1. c4 e5 2. g3 Nc6 3. Bg2 Nf6 4. Nc3 Bc5 5. e3 0-0 6. Nge2 d6 7. 0-0 a6 8. a3 Ba7 9. d3 Bg4 10. h3 Be6 11. Nd5 Ne8 12. Kh2 Qd7 13. f4 Nd8 14. e4 f6 15. Nec3 Nc6 16. f5 Bf7 17. g4 Nd4 18. g5 c6 19. Nb4 fxg5 20. Bxg5 Nf6 21. Bf3 Nxf3+ 22. Qxf3 Bb6 23. Nc2 d5 24. cxd5 cxd5 25. Bxf6 gxf6 26. Ne3 Bxe3 27. Qxe3 d4 28. Rg1+ Kh8 29. Qh6 Bb3 30. Ne2 Rf7 31. Rg3 Rg8 32. Rag1 Rxg3 33. Nxg3 Qd8 34. Nh5 Qf8 35. Qc1 a5 36. Rg2 a4 37. Qd2 Rc7 38. Qa5 Rc2 39. Qb6 Rxg2+ 40. Kxg2 Bc2 41. Nxf6 Bxd3 42. Qe6 Bc4 43. Qxe5 d3 44. Nd5+ Qg7+ 45. Qxg7+ Kxg7 46. Ne3 d2 47. Kf3 Bd3 48. e5 Kf7 49. f6 Ke6 50. Nd1 Bc4 51. Ne3 Bb3 52. Ke2 Kxe5 53. Ng4+ Ke6 54. Kxd2 h5 55. Nf2 Kxf6 56. Ke3 Kg5 57. Kf3 Kh4 58. Kg2 Bd5+ 59. Kh2 Kg5 60. Nd3 Be4 61. Nc5 Bc6 62. Kg3 h4+ 63. Kf2 Kf4 64. b3 axb3 65. Nxb3 Ke4 66. Na5 Bd5 67. Nxb7 Bxb7 68. a4 Ba6 69. a5 Bb5 70. Kg2 Ke3 71. Kg1 Kf3 72. Kh2 Kf2 73. Kh1 Kg3 74. Kg1 Kxh3 75. Kf2 Kg4 76. Kg2 h3+ 77. Kh2 Kh4 78. Kg1 Kg3 79. Kh1 Bc6+ 0-1

[Event "BCF-chT3N 1920 (4NCL)"]
[Site "England"]
[Date "2020.02.09"]
[Round "6.21"]
[White "Watson, Philip R"]
[Black "Gardiner, Eric D"]
[Result "0-1"]
[WhiteElo "2123"]
[BlackElo "1960"]
[PlyCount "114"]
[EventDate "2019.11.09"]
[EventType "team-swiss"]
[EventRounds "11"]
[EventCountry "ENG"]
[SourceTitle "EXT 2022"]
[Source "ChessBase"]
[SourceDate "2021.10.06"]
[SourceVersion "1"]
[SourceVersionDate "2021.10.06"]
[SourceQuality "1"]
[WhiteTeam "Bradford DCA Knights"]
[BlackTeam "Euwe's North Sea Tigers"]
[WhiteTeamCountry "ENG"]
[BlackTeamCountry "ENG"]

1. d4 d6 2. c4 e5 3. Nf3 e4 4. Ng5 f5 5. Nc3 Be7 6. Nh3 Nf6 7. Bg5 0-0 8. e3 c6 9. Qb3 Kh8 10. Nf4 Na6 11. Be2 Nc7 12. h4 Ng8 13. g4 Rb8 14. 0-0-0 Ne6 15. d5 Nxf4 16. Bxf4 c5 17. g5 a6 18. Rdg1 Bd7 19. Qc2 b5 20. h5 b4 21. Nb1 h6 22. gxh6 Nxh6 23. f3 exf3 24. Bxf3 Qe8 25. Rg6 Rf6 26. Rhg1 Rxg6 27. Rxg6 Qf8 28. Qh2 Rb6 29. Nd2 Be8 30. Rg1 Bf6 31. e4 Bd4 32. Re1 Qf6 33. e5 dxe5 34. Bxe5 Bxe5 35. Qxe5 Bf7 36. Qxf6 Rxf6 37. Nb3 Ng4 38. Nxc5 Bxh5 39. Nd7 Rd6 40. Rh1 g6 41. Bxg4 fxg4 42. Ne5 Kg7 43. Rg1 Kf6 44. Nxg4+ Bxg4 45. Rxg4 Kf5 46. Rd4 Ke5 47. Rd1 a5 48. c5 Rxd5 49. Rg1 Rxc5+ 50. Kd2 Kf4 51. Rf1+ Ke4 52. Rf8 g5 53. Rg8 Kf4 54. Kd3 g4 55. a3 g3 56. axb4 axb4 57. Rf8+ Rf5 0-1

[Event "BCF-ch rapidplay 33rd"]
[Site "Pudsey"]
[Date "2019.11.24"]
[Round "7"]
[White "Hutchinson, Paul A"]
[Black "Watson, Philip R"]
[Result "1/2-1/2"]
[WhiteElo "2112"]
[BlackElo "2123"]
[PlyCount "134"]
[EventDate "2019.11.23"]
[EventType "swiss (rapid)"]
[EventRounds "11"]
[EventCountry "ENG"]
[SourceTitle "CBM 193 Extra"]
[Source "ChessBase"]
[SourceDate "2020.01.31"]
[SourceVersion "1"]
[SourceVersionDate "2020.01.31"]
[SourceQuality "1"]

1. d4 d5 2. Nf3 Nf6 3. Bf4 c5 4. c3 Nc6 5. e3 Qb6 6. Qb3 c4 7. Qxb6 axb6 8. Na3 Bf5 9. Nh4 Be6 10. Nb5 Kd7 11. Nc7 Ra5 12. Nxe6 Kxe6 13. Nf3 h6 14. h4 Kd7 15. Be2 b5 16. Ne5+ Nxe5 17. dxe5 Ne4 18. 0-0 e6 19. Rfd1 Be7 20. a3 Bxh4 21. f3 Nc5 22. e4 Kc6 23. exd5+ exd5 24. Be3 Nb3 25. Rab1 Re8 26. f4 Raa8 27. Bf3 Rad8 28. Kh2 Be7 29. Rf1 Bc5 30. Bc1 Kb6 31. Bd1 Nxc1 32. Rxc1 d4 33. cxd4 Bxd4 34. Rc2 Be3 35. Bg4 Rd4 36. g3 Red8 37. Re1 Rd2+ 38. Re2 Kc5 39. f5 Rxc2 40. Rxc2 Rd2+ 41. Rxd2 Bxd2 42. e6 fxe6 43. fxe6 Bg5 44. Bh5 b4 45. axb4+ Kxb4 46. Bd1 c3 47. bxc3+ Kxc3 48. Be2 Kb4 49. Kg2 Kc5 50. Bd1 b5 51. Kf3 Kd4 52. Kg4 g6 53. Bc2 Ke5 54. Bxg6 Kxe6 55. Kh5 Ke5 56. Kg4 Kd4 57. Kh3 Ke3 58. Kg2 Bf6 59. g4 Kf4 60. Bb1 Kxg4 61. Kh1 h5 62. Bh7 h4 63. Bb1 b4 64. Bh7 Kg3 65. Bb1 Bd4 66. Bh7 b3 67. Bb1 b2 1/2-1/2

[Event "BCF-ch rapidplay 33rd"]
[Site "Pudsey"]
[Date "2019.11.23"]
[Round "6"]
[White "Watson, Philip R"]
[Black "Han, Yichen"]
[Result "1/2-1/2"]
[WhiteElo "2123"]
[BlackElo "2201"]
[PlyCount "58"]
[EventDate "2019.11.23"]
[EventType "swiss (rapid)"]
[EventRounds "11"]
[EventCountry "ENG"]
[SourceTitle "CBM 193 Extra"]
[Source "ChessBase"]
[SourceDate "2020.01.31"]
[SourceVersion "1"]
[SourceVersionDate "2020.01.31"]
[SourceQuality "1"]

1. d4 d5 2. c4 c6 3. cxd5 cxd5 4. Bf4 Nf6 5. Nc3 Nc6 6. e3 Ne4 7. Bd3 Nxc3 8. bxc3 g6 9. Nf3 Bg7 10. 0-0 0-0 11. c4 dxc4 12. Bxc4 Bf5 13. Re1 Rc8 14. Rc1 Qa5 15. Qb3 b6 16. Ng5 e6 17. h3 h6 18. Nxf7 Rxf7 19. g4 Be4 20. Bxe6 Rcf8 21. Bd6 Qd2 22. Rf1 Qe2 23. f3 Bxf3 24. Rxf3 Qxf3 25. Bxf8 Qg3+ 26. Kh1 Qxh3+ 27. Kg1 Qg3+ 28. Kh1 Qf3+ 29. Kg1 Qg3+ 1/2-1/2

[Event "BCF-chT3N 1819 (4NCL)"]
[Site "England"]
[Date "2019.05.05"]
[Round "10.41"]
[White "Watson, Philip R"]
[Black "Crocker, Philip J"]
[Result "1-0"]
[WhiteElo "2132"]
[BlackElo "2090"]
[PlyCount "61"]
[EventDate "2018.11.10"]
[EventType "team-swiss"]
[EventRounds "11"]
[EventCountry "ENG"]
[SourceTitle "EXT 2021"]
[Source "ChessBase"]
[SourceDate "2020.10.23"]
[SourceVersion "1"]
[SourceVersionDate "2020.10.23"]
[SourceQuality "1"]
[WhiteTeam "Bradford DCA Knights II"]
[BlackTeam "Spirit of Atticus II"]
[WhiteTeamCountry "ENG"]
[BlackTeamCountry "ENG"]

1. d4 d5 2. c4 c6 3. cxd5 cxd5 4. Nc3 Nf6 5. Bf4 Nc6 6. e3 Bf5 7. Qb3 Na5 8. Qa4+ Bd7 9. Qc2 e6 10. Bd3 Bb4 11. Nf3 Nh5 12. Bg5 f6 13. Bh4 g5 14. g4 Bxc3+ 15. bxc3 gxh4 16. gxh5 Qc7 17. Rg1 0-0-0 18. Rg7 Kb8 19. h6 Nc4 20. Qb3 e5 21. Bf5 e4 22. Nd2 Qxh2 23. Bxd7 Nxd2 24. Kxd2 Qxf2+ 25. Kc1 Qxe3+ 26. Kb2 Qxh6 27. Rag1 Qd2+ 28. Ka3 e3 29. Bc6 b6 30. Rxa7 Kxa7 31. Rg7+ 1-0

[Event "Blackpool op 43rd"]
[Site "Blackpool"]
[Date "2019.03.08"]
[Round "1"]
[White "Wall, Tim"]
[Black "Watson, Philip R"]
[Result "0-1"]
[WhiteElo "2234"]
[BlackElo "2132"]
[PlyCount "113"]
[EventDate "2019.03.08"]
[EventType "swiss"]
[EventRounds "5"]
[EventCountry "ENG"]
[SourceTitle "CBM 189 Extra"]
[Source "ChessBase"]
[SourceDate "2019.05.31"]
[SourceVersion "1"]
[SourceVersionDate "2019.05.31"]
[SourceQuality "1"]

1. d4 d5 2. Bf4 Nf6 3. Nc3 Bf5 4. f3 e6 5. g4 Bg6 6. h4 h6 7. e3 Bd6 8. Nh3 c6 9. Bd3 Bxd3 10. Qxd3 Bxf4 11. Nxf4 Nbd7 12. 0-0-0 Nb6 13. g5 Nfd7 14. g6 Qe7 15. gxf7+ Qxf7 16. Ng6 Rg8 17. Rhg1 0-0-0 18. Kb1 Nc4 19. e4 Nf8 20. e5 Nxg6 21. Rxg6 Rdf8 22. Rdg1 Qxf3 23. Rxe6 Qxd3 24. cxd3 Nd2+ 25. Kc1 Nf3 26. Rh1 Nxd4 27. Rg6 Re8 28. Rg4 c5 29. Nxd5 Rxe5 30. Nf6 Rf8 31. Ne4 Ne6 32. Kd2 Rd8 33. Kc3 h5 34. Rg3 Nf4 35. Re1 Red5 36. Ree3 b6 37. Nf2 R8d7 38. Re8+ Kb7 39. Rge3 g5 40. hxg5 Rxg5 41. Rf3 Nd5+ 42. Kc4 Rg2 43. Rf5 Nb4 44. a3 Rd4+ 45. Kc3 Nd5+ 46. Kb3 Rf4 47. Ne4 Rxf5 48. Nd6+ Kc6 49. Nxf5 Rf2 50. Re6+ Kc7 51. Re5 Nf4 52. Re7+ Kd8 53. Rxa7 Nxd3 54. Nd6 Nxb2 55. Nf7+ Ke8 56. Nd6+ Kf8 57. Rh7 0-1

[Event "BCF-chT3N 1718 (4NCL)"]
[Site "England"]
[Date "2018.05.06"]
[Round "10.41"]
[White "Combie, Alexander"]
[Black "Watson, Philip R"]
[Result "0-1"]
[WhiteElo "1966"]
[BlackElo "2184"]
[PlyCount "136"]
[EventDate "2017.11.11"]
[EventType "team-swiss"]
[EventRounds "11"]
[EventCountry "ENG"]
[SourceTitle "EXT 2020"]
[Source "ChessBase"]
[SourceDate "2019.10.17"]
[SourceVersion "1"]
[SourceVersionDate "2019.10.17"]
[SourceQuality "1"]
[WhiteTeam "Ashfield Breadsall"]
[BlackTeam "Bradford DCA Knights"]
[WhiteTeamCountry "ENG"]
[BlackTeamCountry "ENG"]

1. d4 d5 2. c4 e6 3. Nf3 Nf6 4. g3 Be7 5. Bg2 0-0 6. 0-0 Nbd7 7. Qc2 b6 8. cxd5 Nxd5 9. Nc3 Bb7 10. Nxd5 Bxd5 11. e4 Bb7 12. Rd1 Qc8 13. Bf4 Rd8 14. Rac1 c6 15. Qb3 c5 16. d5 exd5 17. exd5 Nf8 18. d6 Bf6 19. Ng5 Bxg5 20. Bxg5 Rd7 21. Bd5 h6 22. Be7 Bxd5 23. Qxd5 Ng6 24. Re1 Qb7 25. Qxb7 Rxb7 26. Re3 Nxe7 27. dxe7 Re8 28. Rce1 f6 29. Rc1 Rbxe7 30. Rxe7 Rxe7 31. Rc2 Kf7 32. Rd2 Ke6 33. Kf1 Rd7 34. Rc2 Kd5 35. Ke2 Kc6 36. h4 b5 37. Rc3 b4 38. Re3 c4 39. Re8 Kc5 40. Rc8+ Kd4 41. Kd2 a5 42. f3 h5 43. Re8 Kc5+ 44. Ke2 c3 45. Rc8+ Kd4 46. bxc3+ bxc3 47. Kd1 Rb7 48. Rd8+ Ke3 49. Kc2 Rb2+ 50. Kxc3 Rxa2 51. Rg8 Kxf3 52. Rxg7 Rg2 53. Rg6 Rxg3 54. Rxf6+ Kg4+ 55. Kd2 Kxh4 56. Ra6 Rg5 57. Ke2 Kg3 58. Kf1 Kh2 59. Rc6 Rf5+ 60. Ke2 h4 61. Rg6 Rf4 62. Rg8 a4 63. Rg7 h3 64. Rg8 Rb4 65. Kf2 a3 66. Ra8 Rb2+ 67. Kf3 a2 68. Ra7 Kg1 0-1

[Event "BCF-chT3N 1718 (4NCL)"]
[Site "England"]
[Date "2018.02.11"]
[Round "6.31"]
[White "Page, Mark"]
[Black "Watson, Philip R"]
[Result "1-0"]
[WhiteElo "2142"]
[BlackElo "2184"]
[PlyCount "77"]
[EventDate "2017.11.11"]
[EventType "team-swiss"]
[EventRounds "11"]
[EventCountry "ENG"]
[SourceTitle "EXT 2020"]
[Source "ChessBase"]
[SourceDate "2019.10.17"]
[SourceVersion "1"]
[SourceVersionDate "2019.10.17"]
[SourceQuality "1"]
[WhiteTeam "Warwicks Select II"]
[BlackTeam "Bradford DCA Knights"]
[WhiteTeamCountry "ENG"]
[BlackTeamCountry "ENG"]

1. e4 c6 2. Nf3 d5 3. exd5 cxd5 4. Ne5 Nc6 5. Bb5 Qd6 6. d4 a6 7. Bxc6+ bxc6 8. 0-0 Bf5 9. Nc3 f6 10. Nd3 g5 11. Re1 h5 12. a4 Bh6 13. b3 g4 14. Ba3 Qb8 15. a5 Bg5 16. Qe2 Ra7 17. Bc5 h4 18. Nb4 Rd7 19. Nxc6 Qc7 20. Qxa6 g3 21. Qb6 gxf2+ 22. Kxf2 Qxh2 23. Qb8+ Qxb8 24. Nxb8 Rb7 25. a6 Rxb8 26. a7 Ra8 27. Nxd5 Kf7 28. Nb6 Nh6 29. Rxe7+ Kg6 30. Nxa8 Rxa8 31. b4 Ng4+ 32. Ke2 Bxc2 33. b5 f5 34. b6 Bxe7 35. b7 Be4 36. b8Q Bxc5 37. dxc5 Bxg2 38. c6 Bxc6 39. Ra6 1-0

[Event "BCF-chT3N 1718 (4NCL)"]
[Site "England"]
[Date "2018.01.14"]
[Round "4.51"]
[White "Melaugh, Shanemelaugh"]
[Black "Watson, Philip R"]
[Result "1-0"]
[WhiteElo "2050"]
[BlackElo "2184"]
[PlyCount "25"]
[EventDate "2017.11.11"]
[EventType "team-swiss"]
[EventRounds "11"]
[EventCountry "ENG"]
[SourceTitle "EXT 2020"]
[Source "ChessBase"]
[SourceDate "2019.10.17"]
[SourceVersion "1"]
[SourceVersionDate "2019.10.17"]
[SourceQuality "1"]
[WhiteTeam "Enniscorthy"]
[BlackTeam "Bradford DCA Knights"]
[WhiteTeamCountry "IRL"]
[BlackTeamCountry "ENG"]

1. c4 c6 2. Nc3 d5 3. d4 Nf6 4. Bf4 e6 5. e3 Be7 6. Nf3 0-0 7. Bd3 Nbd7 8. 0-0 b6 9. cxd5 Nxd5 10. Nxd5 cxd5 11. Qc2 Nf6 12. Rac1 Bd6 13. Qc6 1-0

[Event "BCF-chT3N 1718 (4NCL)"]
[Site "England"]
[Date "2017.11.11"]
[Round "1.21"]
[White "Watson, Philip R"]
[Black "Garnett, John S"]
[Result "1-0"]
[WhiteElo "2184"]
[BlackElo "1916"]
[PlyCount "59"]
[EventDate "2017.11.11"]
[EventType "team-swiss"]
[EventRounds "11"]
[EventCountry "ENG"]
[SourceTitle "EXT 2020"]
[Source "ChessBase"]
[SourceDate "2019.10.17"]
[SourceVersion "1"]
[SourceVersionDate "2019.10.17"]
[SourceQuality "1"]
[WhiteTeam "Bradford DCA Knights"]
[BlackTeam "Ashfield Breadsall II"]
[WhiteTeamCountry "ENG"]
[BlackTeamCountry "ENG"]

1. d4 Nf6 2. c4 e5 3. dxe5 Ng4 4. Bf4 Nc6 5. Nf3 Bb4+ 6. Nc3 Bxc3+ 7. bxc3 Qe7 8. Qd5 f6 9. exf6 Nxf6 10. Qd3 d6 11. g3 0-0 12. Bg2 Re8 13. 0-0 Qxe2 14. Qxe2 Rxe2 15. Nd4 Nxd4 16. cxd4 Be6 17. Bxb7 Rb8 18. Bf3 Rc2 19. c5 dxc5 20. Bxc7 Rc8 21. Be5 Bxa2 22. Bd1 Rd2 23. Rxa2 Rxa2 24. Bb3+ c4 25. Bxa2 Ne4 26. Rc1 Nd2 27. Rc2 Nf3+ 28. Kh1 Kh8 29. Rxc4 Rf8 30. Rc7 1-0

[Event "BCF-chT3Nc 1516 (4NCL)"]
[Site "England"]
[Date "2016.05.01"]
[Round "10.55"]
[White "Watson, Philip R"]
[Black "Jaunooby, Ali Reza"]
[Result "0-1"]
[WhiteElo "2181"]
[BlackElo "2170"]
[PlyCount "90"]
[EventDate "2016.03.20"]
[EventType "team-swiss"]
[EventRounds "11"]
[EventCountry "ENG"]
[SourceTitle "EXT 2017"]
[Source "ChessBase"]
[SourceDate "2016.10.25"]
[SourceVersion "1"]
[SourceVersionDate "2016.10.25"]
[SourceQuality "1"]
[WhiteTeam "Bradford DCA Knights"]
[BlackTeam "Manchester Manticores"]
[WhiteTeamCountry "ENG"]
[BlackTeamCountry "ENG"]

1. d4 Nf6 2. c4 c5 3. d5 e5 4. Nc3 d6 5. e4 g6 6. Bd3 Bg7 7. Bg5 h6 8. Be3 Ng4 9. Bd2 f5 10. Qe2 0-0 11. 0-0-0 Nxf2 12. Qxf2 fxe4 13. Qg3 exd3 14. Qxg6 Bf5 15. Qh5 Rf6 16. Nf3 a6 17. Nh4 Bh7 18. g4 Qf8 19. g5 hxg5 20. Bxg5 Rf2 21. Rhg1 Nd7 22. Ng6 Qf7 23. Bh6 Nf6 24. Qg5 Bxg6 25. Qxg6 Qxg6 26. Rxg6 Kh7 27. Rxg7+ Kxh6 28. Rdg1 b5 29. Nd1 Rc2+ 30. Kb1 Ne4 31. Ne3 Nd2+ 32. Ka1 Rc1+ 33. Rxc1 Kxg7 34. cxb5 axb5 35. Rd1 Nc4 36. Rxd3 Rf8 37. Nd1 Rf1 38. Kb1 Rh1 39. b3 Na3+ 40. Kc1 Rxh2 41. Ne3 e4 42. Rd2 Rh1+ 43. Nd1 Kf6 44. Re2 Ke5 45. Kd2 Nb1+ 0-1

[Event "BCF-chT3Na 1516 (4NCL)"]
[Site "England"]
[Date "2016.03.19"]
[Round "7.75"]
[White "Collins, Richard Arnold"]
[Black "Watson, Philip R"]
[Result "1/2-1/2"]
[WhiteElo "1930"]
[BlackElo "2187"]
[PlyCount "102"]
[EventDate "2015.11.14"]
[EventType "team-swiss"]
[EventRounds "7"]
[EventCountry "ENG"]
[SourceTitle "EXT 2017"]
[Source "ChessBase"]
[SourceDate "2016.10.25"]
[SourceVersion "1"]
[SourceVersionDate "2016.10.25"]
[SourceQuality "1"]
[WhiteTeam "Manchester Manticores III"]
[BlackTeam "Bradford DCA Knights"]
[WhiteTeamCountry "ENG"]
[BlackTeamCountry "ENG"]

1. e4 c6 2. d4 d5 3. e5 Bf5 4. Bd3 Bxd3 5. Qxd3 e6 6. Nf3 Qa5+ 7. Nbd2 Qa6 8. Qxa6 Nxa6 9. c3 Ne7 10. 0-0 Nf5 11. Nb3 Be7 12. Bg5 f6 13. Bf4 h5 14. Bd2 b6 15. Rfe1 Kf7 16. Re2 c5 17. Rae1 Nc7 18. exf6 gxf6 19. Bf4 Bd6 20. Bxd6 Nxd6 21. dxc5 Ne4 22. cxb6 axb6 23. a3 Ra4 24. Nbd4 Rg8 25. Nh4 e5 26. Ndf5 Ke6 27. Kf1 Nd6 28. Nd4+ Kd7 29. Ndf5 Rg5 30. Nxd6 Rxh4 31. g3 Rxh2 32. Kg1 Rh4 33. Nf5 Ra4 34. Ne3 h4 35. Kh2 hxg3+ 36. fxg3 Ra8 37. Rd1 Ke6 38. Red2 e4 39. c4 Rd8 40. Rd4 Re5 41. g4 b5 42. b3 bxc4 43. bxc4 Ra8 44. cxd5+ Nxd5 45. Nxd5 Rxa3 46. Nf4+ Kf7 47. Rd7+ Re7 48. Rxe7+ Kxe7 49. Re1 f5 50. gxf5 Kf6 51. Rxe4 Kxf5 1/2-1/2

[Event "ECF Counties"]
[Site "Warwick"]
[Date "2014.07.12"]
[Round "1.14"]
[White "Dydak, Mateusz"]
[Black "Watson, Philip R"]
[Result "1-0"]
[WhiteElo "1895"]
[BlackElo "2158"]
[PlyCount "79"]
[EventDate "2014.07.12"]
[EventType "team-match"]
[EventRounds "1"]
[EventCountry "ENG"]
[SourceTitle "CBM 161 Extra"]
[Source "ChessBase"]
[SourceDate "2014.08.29"]
[SourceVersion "1"]
[SourceVersionDate "2014.08.29"]
[SourceQuality "1"]
[WhiteTeam "Middlesex"]
[BlackTeam "Yorkshire"]
[WhiteTeamCountry "ENG"]
[BlackTeamCountry "ENG"]

1. f4 d5 2. Nf3 c5 3. g3 Nc6 4. Bg2 g6 5. 0-0 Bg7 6. d3 Nf6 7. Qe1 0-0 8. c3 d4 9. Na3 Be6 10. Nc2 Qb6 11. c4 Rad8 12. Rb1 a5 13. Bd2 Ra8 14. b3 Rfd8 15. a3 Ne8 16. h3 Nd6 17. g4 f5 18. Ng5 Bd7 19. Bd5+ e6 20. Nxe6 Bxe6 21. Bxe6+ Kh8 22. Bd5 Re8 23. g5 Qc7 24. b4 axb4 25. axb4 Ra2 26. Qd1 b6 27. bxc5 bxc5 28. Rf2 h6 29. h4 Ne7 30. Bf3 Nec8 31. Ra1 Rxa1 32. Nxa1 Ne4 33. Rh2 Nxd2 34. Qxd2 Bf8 35. h5 Re3 36. hxg6 Qxf4 37. Nb3 Rxf3 38. exf3 Qg3+ 39. Rg2 Qxf3 40. gxh6 1-0

[Event "BCF-chT3N 1112 (4NCL)"]
[Site "England"]
[Date "2012.02.05"]
[Round "6"]
[White "Bennett, Patrick"]
[Black "Watson, Philip R"]
[Result "1/2-1/2"]
[WhiteElo "2024"]
[BlackElo "2158"]
[PlyCount "39"]
[EventDate "2011.11.12"]
[EventType "team-tourn"]
[EventRounds "6"]
[EventCountry "ENG"]
[SourceTitle "EXT 2013"]
[Source "ChessBase"]
[SourceDate "2012.11.22"]
[SourceVersion "1"]
[SourceVersionDate "2012.11.22"]
[SourceQuality "1"]
[WhiteTeam "Holmes Chapel"]
[BlackTeam "Bradford DCA Knights"]
[WhiteTeamCountry "ENG"]
[BlackTeamCountry "ENG"]

1. d4 d5 2. c4 e6 3. Nf3 Nf6 4. g3 dxc4 5. Bg2 Bb4+ 6. Bd2 Bxd2+ 7. Nbxd2 b5 8. a4 c6 9. 0-0 Bb7 10. e4 0-0 11. e5 Nd5 12. Ne4 b4 13. Re1 a5 14. Rc1 Ba6 15. Bf1 c3 16. bxc3 Bxf1 17. Kxf1 bxc3 18. Nxc3 Na6 19. Ne4 Qb6 20. Nc5 1/2-1/2